| 000 | 00601nam a22002297a 4500 | ||
|---|---|---|---|
| 999 |
_c432 _d432 |
||
| 003 | OSt | ||
| 005 | 20210614083600.0 | ||
| 008 | 210614b ||||| |||| 00| 0 eng d | ||
| 020 | _a9780176441821 | ||
| 040 | _calupe university | ||
| 050 |
_aBF721 _b.D476 2009 |
||
| 100 | _aDavid R Shaffer | ||
| 245 |
_aDevelopmental psychology _bchildhood and adolescence |
||
| 260 |
_aToronto, Canada _bNelson Education, _c2009 |
||
| 300 | _a680p | ||
| 500 | _aincludes indexes | ||
| 650 | _vPsychology | ||
| 700 | _aKatherine Kipp | ||
| 700 | _aEileen Wood | ||
| 700 | _aTeena Willoughby | ||
| 942 |
_2lcc _cBK |
||